00501 2200193 4500001002100000005001500021035002000036008004100056245003300097100002000130260003600150300001300186020002200199084001400221082000800235650002600243990001800269990002000287INLIS00000000000083320240821091801 a0010-0724000833240821 0 ind 1 aTaste Buds /cAnton Moeliono aMoeliono. Anton aJakarta :bBalai Pustaka,c1993 a475 hlm. a978-979-795-637-0 a813 YUS t a813 4aTata Bahasa Indonesia aP29/CP/24/833 aP29/CP/24/833.2